000 00948nam a22002534a 4500
005 20090615144855.0
008 050908s2006 waua b 001 0 eng
010 _aENG-94007
020 _a9788120337206
_c250.00
035 _aEN-77540
037 _bDBAD / PUB
040 _adpl
_bEnglish
082 _a338.5024658
100 _aNadar, E. Narayanan
245 _aManagerial economics /
_cby E. Narayanan Nadar and S. Vijayan
260 _aNew Delhi
_bPHI Learning
_c2009
270 _aM-97, Connaught Circus,
_bNew Delhi
_e110001
300 _axix, 308 p.
_c26cm(pbk)
500 _aIncludes bibliographical references and index
650 _aManagerial economics
700 _aVijayan, S.
942 _2ddc
_cEN
_mNAD
_h338.5024658
999 _c27463
_d27463